=LDR 00000nam 2200000 4500 =001 INLIS000000000037529 =005 20130612143247 =008 ***********************************Ind** =035 ##$$0010-061300000037529 =041 ##$$a Ind =082 ##$$a F.Rom.K =090 ##$$a F.Rom.K, Mar f =100 ##$$a Marsoli, Lisa =245 ##$$a Frame in the fast cake, Menjadi teman bukan segalanya, Oleh Lisa marsoli =260 ##$$a 2010 $b Jakarta =300 ##$$a 24 hlm, Ilus, 27 cm =650 ##$$a Fiksi Kanak - Kanak =850 ##$$a NBPNMAT